000 00459nam a22001577a 4500
005 20251108165911.0
008 250721s1970 xx 000 0 ara d
082 1 4 _aم/ط/540/طبي
245 1 0 _aالطبيعة و الكيمياء :
_bتكنولوجيا /
264 1 _aجنيف :
_bشركة ترادكسيم،
_c1970.
300 _a160ص : مص
490 0 _aكتاب المعرفة
650 1 7 _aالكيمياء
942 _2ddc
_cREF
999 _c34314
_d34314